Normal view
MARC view
- العريني، سليمان بن عبد العزيز
Entry Personal Name
001 - CONTROL NUMBER
- control field: 34807
003 - CONTROL NUMBER IDENTIFIER
- control field: JO-AjAnu
005 - DATE AND TIME OF LATEST TRANSACTION
- control field: 20230606075827.0
008 - FIXED-LENGTH DATA ELEMENTS
- fixed length control field: 230606|| aca||aabn | a|a d
040 ## - CATALOGING SOURCE
- Original cataloging agency: JO-AjAnu
- Transcribing agency: JO-AjAnu
100 ## - HEADING--PERSONAL NAME
- Personal name: العريني، سليمان بن عبد العزيز
670 ## - SOURCE DATA FOUND
- Source citation: Work cat.: (JO-AjAnu)17876: العريني، سليمان بن عبد العزيز, author, الإمام أيوب بن أبي تيمية السختياني :سيد العلماء في زمانه